Quizzes
Events
Quiz Creation
Community
Videos
Private Events
Remove Ads
Sign In
Join for FREE
Feedback
Dark Mode
Quiz Categories
Sports
Geography
Music
Movies
Television
Just For Fun
Miscellaneous
History
Literature
Language
Science
Gaming
Entertainment
Religion
Holiday
For Kids
Quiz Lab
Recent
Popular Today
Quiz Kudos Today
Editor Picks
Curator Picks
Quizzes by...
Day
Popularity
Type
Ratings
Length
Year
Community
Subscriptions
Recent Discussions
Orange Saloon
Badges
Playlists
Quests
Create
Leaderboards
Showdown
Live 5
Trivia Bingo
Activity
Puzzle Library
Sporcle Events
Private Events
Virtual Trivia
Globe League
Become a Host
Pub Owners
SporcleCon
Opinionation
Our Games
Videos
Blog
Mobile Apps
Partnerships
Remove Ads and Go Orange
Feedback
History
US Presidents
World Leaders
Politics
Nation
Discovery
War
Decade
Year
Century
Biography
Art
History
US Presidents
World Leaders
Politics
Nation
Discovery
War
Decade
Year
Century
Biography
Art
Random Quiz
Search Sporcle
×
Quiz Lab
Quiz Lab
History
British
Type in answers that appear in a list
Type in answers that appear in a list
Classic
Best Score? Go Orange.
Princes of wales that were never king Stats
Can you name the Princes of wales that were never king?
By
SqueezyJoe
5m
7 Questions
221 Plays
221 Plays
221 Plays
Comments
Comments
Give Quiz Kudos
Give Quiz Kudos
-
- Ratings
hide this ad
Replay
Link that replays current quiz
Next Quiz
Link to next quiz in quiz playlist
You Got
0%
They Got
Avg Score
76%
Avg Friend Score
Upgrade to see
Score Distribution
Jump to the score distribution portion of the page
Score
0/7
Timer
05:00
0
Plays Today
Died
Prince
% Correct
2nd April 1502
Arthur Tudor
90.5%
6 November 1612
Henry Frederick Stuart
86.8%
31 March 1751
Frederick Louis
86.4%
1 January 1766
James Francis Edward Stuart
83.6%
8th June 1376
Edward of Woodstock, the Black Prince
79.5%
4th May 1471
Edward of Westminster
58.2%
9th April 1484
Edward of Middleham, 1st Earl of Salisbury
47.3%
Quiz Playlist
Details
Report
Send in Message
Add To Playlist
Classic:
Type in answers that appear in a list
Quiz Source
Last Updated: Feb 16, 2017
Quiz Scoreboard
CHALLENGE
Sign Up to Join the Scoreboard
Show All
Scores
Hide
Comments
May contain spoilers
Recently Published
Popular People in 1961
by mucciniale
History
6m
1-10 Letter E Words III
by El_Dandy
Language
2m
One Thing in Common: World Cities II
by knightlancer
Geography
7m
More to Explore
Quiz From the Vault
Featured Blog Post
Where Did the Easter Bunny Come From?
hide this ad
You Might Also Like...
Tags
British
England
English
King
Never
prince
Royal
Wales
Today's Top Quizzes in History
Browse History
hide this ad
Today's Top Quizzes in British
Browse British
Top Contributed Quizzes in History
1
Popular People in 1991
2
Popular People in 1981
3
Popular People in 1951
4
Popular People in 1941
5
Popular People in 1986
6
Popular People in 1921
7
Popular People in 1976
8
I Am Born On March 28th
9
Popular People in 1946
10
Popular People in 1936
Explore More
Trending Topics
Harry Potter
Disney
Kpop
Marvel
NBA
Crossword
Anime
Puzzle
Country
Pokémon
Song
NFL
Soccer
WWE
The Office
hide this ad
More By:
SqueezyJoe
Quiz
Plays
Rating
Category
Featured
Created
british royal family on the eve of World War 2
2,171
4.60
History
May 23, 2011
Titles of Prince Charles
1,012
5.00
History
Sep 11, 2011
Monarchy by title of Heir
684
1.86
History
Jul 14, 2011
Titles of Queen Elizabeth The Queen Mother
475
4.00
History
Sep 11, 2011
kings that were not prince of wales
380
History
Aug 16, 2011
Go to Creator's Profile
Score Distribution
Quiz Creator Spotlight
SqueezyJoe
Follow
Send a Message
Quizzes Created
-
Created Quiz Play Count
-
More By This Creator
Popular Quizzes Today
1
Find the US States - No Outlines Minefield
2
The Countries of the World
3
Find the Countries of Europe - No Outlines Minefield
4
Popular People in 1961
5
1-10 Letter E Words III
6
Find the US States
7
One Thing in Common: World Cities II
8
US States
More History Quizzes
Presidential Ornaments
Editor's Pick
Trending Quizzes
Risky Map Clicking: Least Populous States A-Z
1-10 Letter F Words
1-10 Letter G Words
One Thing in Common: United Kingdom
Risky Map Clicking: Next State Alphabetically
Recently Updated
Leaping Animals
pecheneg
Reality TV Shows (A-Z)
bhenderson79
Rickey Henderson's Hall of Fame Teammates
pecheneg
Champions League XIs: Arsenal
pecheneg
Quick Pick: Celebrities in WWE's Hall of Fame
aduchscher
A-Z Keypad Blitz II
pecheneg
Multiple Oscar Actors
pecheneg
Mystery Phrase Blitz: Oscar 'Best Actors'
pecheneg
F. Scott Fitzgerald Novels
LTH
Pick 3 Villains
ddd62291
Trending Topics
NBA
Harry Potter
Anime
Marvel
Crossword
Kpop
Disney
WWE
NFL
Puzzle
Soccer
Country
Song
The Office
Pokémon
Your Account Isn't Verified!
In order to create a playlist on Sporcle, you need to verify the email address you used during registration. Go to your
Sporcle Settings
to finish the process.
Report this User
Report this user for behavior that violates our
Community Guidelines
.
Details:
Send Report
Go to the Sporcle.com Mobile Site →
Comments